000 00402nam a2200157Ia 4500
005 20251020182604.0
008 200515s9999 xx 000 0 und d
082 _aSC/351.712(O83.74)/C22
110 _aCámara Nacional de la Industria de la Construcción
245 0 _aNormatividad en al obra Pública
260 _aLima
260 _c1985
300 _a80
650 _aCONSTRUCCION
942 _cLIB
999 _c3143
_d3143